000 00581nam a22001937a 4500
999 _c195719
_d195719
005 20230419095937.0
010 _aUR-11945
020 _c200.00
035 _aU-10500
037 _bDBAD/PUB
082 _a954.0841
100 _aمرتضا اقبال
245 _aآزادی کا قرض /
_cمرتضا اقبال
246 _aAzaadi ka Karz /
_bby Murtaza Iqbal
260 _aMuradabad
_bM.Y. Shiksha
_c2013 ء
270 _aSamaj Kalyan, Gramin Vikas, Khwaja Nagri, Dhimri
_bMuradabad
300 _aص
_c22cm(Hb)
942 _2ddc
_cUR
_h954.0841
_mم ر ت